000 00749nam a2200205Ii 4500
003 JO-AjNU
008 230605s9999||||xx |||||||||||||| ||und||
040 _aJO-AjNU
_bara
_erda
_cJO-AjNU
041 _aara
050 1 4 _aPF3065.N3248 2005
100 3 _aاعداد نادر،جمال,
_eauthor
_98515
245 0 0 _aتعلم اللغة الألمانية وقواعدها بدون معلم
250 _aط1
264 3 1 _aعمان: دار الاسراء للنشر والتوزيع، 2005
300 _a95ص
336 _atext
_btxt
_2rdacontent
337 _aunmediated
_bn
_2rdamedia
338 _avolume
_bnc
_2rdacarrier
650 4 _aاللغة-اللغة الألمانية وقواعدها بدون معلم-اللغة الالمانية
_98516
999 _aA828
_c4396
_d4396